Language Quiz

Random Language or Famous Quiz

Impressive Possessives Quiz Stats

 Plays Quiz Updated Mar 16, 2012

Also try: Island Possessions
Challenge
Share
Tweet
Embed
Score 0/28 Timer 10:00
0 Plays Today
Category Possession % Correct
MythologyPandora's Box
82.1%
MythologyAdam's Apple
76.3%
MythologyAchilles' Heel
75.3%
Film and LiteratureCharlie's Angels
68.4%
Laws and PrinciplesMurphy's Law
58.6%
History and GeographyCuster's Last Stand
52.8%
MythologyAladdin's Lamp
52.6%
Film and LiteratureUncle Tom's Cabin
48.3%
Science and PhilosophyGray's Anatomy
46.8%
Film and LiteratureCharlotte's Web
44.1%
Science and PhilosophyPavlov's Dog
39.2%
Film and LiteratureAesop's Fables
38.8%
Film and LiteraturePan's Labyrinth
32.1%
History and GeographyHadrian's Wall
31.1%
Category Possession % Correct
Film and LiteratureRosemary's Baby
28.4%
History and GeographyBeethoven's Ninth
27.7%
Science and PhilosophyAvogadro's Number
27.4%
MiscellaneousMaxwell's Silver Hammer
25.7%
MiscellaneousVictoria's Secret
25.1%
Laws and PrinciplesOccam's Razor
24.7%
MiscellaneousMontezuma's Revenge
21.6%
Science and PhilosophySchrödinger's Cat
17.6%
Film and LiteratureSchindler's List
13.3%
Science and PhilosophyPlato's Cave
9.5%
Laws and PrinciplesMoore's Law
8.3%
MiscellaneousQueen Anne's Lace
5.8%
Laws and PrinciplesChekhov's Gun
2.8%
History and GeographyPontiac's Rebellion
2.2%

You're not logged in!

Compare scores with friends on all Sporcle quizzes.
Join for Free
OR
Log In

You Might Also Like...

Show Comments

Extras

Top Quizzes Today


Score Distribution

Your Account Isn't Verified!

In order to create a playlist on Sporcle, you need to verify the email address you used during registration. Go to your Sporcle Settings to finish the process.

Report this User

Report this user for behavior that violates our Community Guidelines.

Details: